banner koha

Eficiência do fungicida Cyprodinil + Fludioxonil no controle do mofo cinzento (Botrytis cinerea)em rosa (Cv. greta)condições de campo (Registro n. 220545)

MARC details
000 -LÍDER
campo de controle de tamanho fixo 00944nas a2200301 4500
001 - NÚMERO DE CONTROLE
campo de controle BR2012005153
003 - IDENTIFICADOR DO NÚMERO DE CONTROLE
campo de controle BR-BrBNA
005 - DATA E HORÁRIO DA ÚLTIMA TRANSAÇÃO
campo de controle 20231205120830.0
007 - CAMPO FIXO DE DESCRIÇÃO FÍSICA--INFORMAÇÃO GERAL
campo de controle de tamanho fixo ta
008 - CAMPO DE DADOS FIXOS--INFORMAÇÃO GERAL
campo de controle de tamanho fixo 230509b bl.|||p| |||| 00| 00por d
040 ## - FONTE DA CATALOGAÇÃO
Instituição da catalogação original BR-BrBNA
Idioma da catalogação por
Instituição que transcreveu o registro Biblioteca Nacional de Agricultura
041 ## - CÓDIGO DE IDIOMA
Código do idioma do texto/trilha sonora ou título diferente (Pt)
072 ## - CÓDIGO DE CATEGORIA DE ASSUNTO
Código de Categoria de Assunto H20
100 1# - ENTRADA PRINCIPAL--NOME PESSOAL
Nome pessoal Galli, M.A.
100 1# - ENTRADA PRINCIPAL--NOME PESSOAL
Nome pessoal Paradela, A.L.
100 1# - ENTRADA PRINCIPAL--NOME PESSOAL
Nome pessoal Cavalheiro, A.A.
100 1# - ENTRADA PRINCIPAL--NOME PESSOAL
Nome pessoal Oliveira, J.A. de
100 1# - ENTRADA PRINCIPAL--NOME PESSOAL
Nome pessoal Stotzer, G.S.
245 1# - TÍTULO
Título Eficiência do fungicida Cyprodinil + Fludioxonil no controle do mofo cinzento (Botrytis cinerea)em rosa (Cv. greta)condições de campo
650 ## - ASSUNTO--TERMO TÓPICO
Cabeçalho tópico ou nome geográfico ROSA
650 ## - ASSUNTO--TERMO TÓPICO
Cabeçalho tópico ou nome geográfico MOFO CINZENTO
650 ## - ASSUNTO--TERMO TÓPICO
Cabeçalho tópico ou nome geográfico DOENÇA DE PLANTA
650 ## - ASSUNTO--TERMO TÓPICO
Cabeçalho tópico ou nome geográfico FUNGICIDA
650 ## - ASSUNTO--TERMO TÓPICO
Cabeçalho tópico ou nome geográfico CONTROLE QUÍMICO
773 0# - ENTRADA ANALÍTICA
Título Ecossistema (Brazil)
ISSN - International Standard Serial Number ISSN 0100-4107
Partes relacionadas (Jan 2009-Dec 2010), v. 34-35(1) p. 33-36
Número de controle do registro BR2012005153
909 ## -
-- 202311
-- Lúcia
-- 55
-- Lúcia Elande
942 ## - ELEMENTOS DE ENTRADA ADICIONADOS (KOHA)
Fonte da classificação ou esquema de arquivamento na estante Classificação AGRIS
Ocultar no OPAC Não
Tipo de material Koha Analítica
Exemplares
Situação do descarte Fonte da classificação ou esquema de arquivamento na estante Situação física Não pode ser emprestado Biblioteca de origem Biblioteca atual Localização na estante Enumeração do periódico / cronologia Total de empréstimos Data de último acesso Número do exemplar Tipo de material Koha Fonte de aquisição
  Classificação AGRIS   Consulta local Biblioteca Nacional de Agricultura - Binagri Biblioteca Nacional de Agricultura - Binagri   (Jan 2009-Dec 2010), v. 34-35(1) p. 33-36   29/11/2023 01 Periódicos Portaria Interministerial nº 164/94

BINAGRI

Telefone: (61)3218-2567/2388/3357/2097 - binagri@agro.gov.br

Ministério da Agricultura e Pecuária , Esplanada dos Ministérios, Bloco D, Anexo B, Brasília/DF, CEP: 70.043-900